El curriculum oculto (Registro nro. 4737)
[ vista simple ]
| 000 -LEADER | |
|---|---|
| fixed length control field | 01218 a2200217 4500 |
| 001 - CONTROL NUMBER | |
| control field | 48813 |
| 005 - DATE AND TIME OF LATEST TRANSACTION | |
| control field | 20260407155754.0 |
| 008 - FIXED-LENGTH DATA ELEMENTS--GENERAL INFORMATION | |
| fixed length control field | 260407a1996 arg spa d |
| 003 - CONTROL NUMBER IDENTIFIER | |
| control field | AR-UNSa-BCEJYS |
| 040 ## - CATALOGING SOURCE | |
| Original cataloging agency | AR-UNSa-BCEJYS |
| Language of cataloging | spa |
| Transcribing agency | AR-UNSa-BCEJYS |
| 080 ## - UNIVERSAL DECIMAL CLASSIFICATION NUMBER | |
| Universal Decimal Classification number | 37.014 |
| Common auxiliary subdivision | Política educativa. Educación y vida pública (Intercambio de profesores y alumnos<br/>) |
| 020 ## - INTERNATIONAL STANDARD BOOK NUMBER | |
| International Standard Book Number | 84-7112-351-7 |
| 100 1# - MAIN ENTRY--PERSONAL NAME | |
| Personal name | Torres Santomé, Jurjo |
| 245 10 - TITLE STATEMENT | |
| Title | El curriculum oculto |
| 250 ## - EDITION STATEMENT | |
| Edition statement | 5a.ed. |
| 264 #1 - PRODUCTION, PUBLICATION, DISTRIBUTION, MANUFACTURE, AND COPYRIGHT NOTICE | |
| Place of production, publication, distribution, manufacture | Madrid : |
| Name of producer, publisher, distributor, manufacturer | Ediciones Morata |
| Date of production, publication, distribution, manufacture, or copyright notice | 1996 |
| 300 ## - PHYSICAL DESCRIPTION | |
| Extent | 219 p. |
| Dimensions | 24 cm. |
| 505 ## - FORMATTED CONTENTS NOTE | |
| Formatted contents note | 1. El currículum y la ideología - 2. Legitimación y discurso científico en educación - 3. Prácticas tecnocráticas en la escuela y poder - 4. Las teorías de la reproducción - 5. Las teorías de la producción y la posibilidad de prácticas contra hegemónicas - 6. La discriminación sexista en las instituciones escolares: Niños visibles y niñas invisibles - 7. La discriminación racista en el sistema educativo - 8. La descualificación y recualificación del profesorado - 9. El currículum y la educación de los ciudadanos y ciudadanas en una sociedad democrática. |
| 590 ## - LOCAL NOTE (RLIN) | |
| Local note | niveau_biblio:m niveau_hierar:0 |
| 942 ## - ADDED ENTRY ELEMENTS (KOHA) | |
| Koha item type | |
| Withdrawn status | Lost status | Damaged status | Not for loan | Home library | Current library | Shelving location | Date acquired | Total checkouts | Full call number | Barcode | Date last seen | Price effective from | Koha item type |
|---|---|---|---|---|---|---|---|---|---|---|---|---|---|
| Biblioteca Prof. Eusebio Cleto del Rey | Biblioteca Prof. Eusebio Cleto del Rey | 07/04/2026 | 37.014 T689 5ed. | L70371 | 07/04/2026 | 07/04/2026 | Libro | ||||||
| Biblioteca Prof. Eusebio Cleto del Rey | Biblioteca Prof. Eusebio Cleto del Rey | 07/04/2026 | 37.014 T689 5ed. | L70372 | 07/04/2026 | 07/04/2026 | Libro |